[Event "Mittelrhein Verbandsliga-N 18/19"]
[Site "Nordrheinwestfalen"]
[Date "2019.05.19"]
[Round "11.3"]
[White "Krause, Ingo"]
[Black "Kemper, Michael"]
[Result "1/2-1/2"]
[WhiteElo "1950"]
[BlackElo "1881"]
[PlyCount "73"]
[EventDate "2018.09.02"]
[EventType "team-tourn"]
[EventRounds "12"]
[EventCountry "GER"]
[SourceTitle "EXT 2022"]
[Source "ChessBase"]
[SourceDate "2021.10.06"]
[SourceVersion "1"]
[SourceVersionDate "2021.10.06"]
[SourceQuality "1"]
[WhiteTeam "Baumberg"]
[BlackTeam "Dormagen SV"]
[WhiteTeamCountry "GER"]
[BlackTeamCountry "GER"]

1. e4 c5 2. Nf3 d6 3. d4 cxd4 4. Nxd4 Nf6 5. Nc3 g6 6. Be3 a6 7. f3 Bg7 8. Qd2 Nbd7 9. Be2 b5 10. a3 Bb7 11. 0-0 Rc8 12. Rfd1 Nb6 13. Rac1 Nc4 14. Bxc4 Rxc4 15. Nce2 0-0 16. Nb3 Rc8 17. Na5 Ba8 18. Nf4 e6 19. b4 d5 20. exd5 e5 21. Ne2 Nxd5 22. Bc5 Re8 23. c4 Nc7 24. Qxd8 Rexd8 25. Rxd8+ Rxd8 26. Bb6 Bh6 27. Rc2 e4 28. Kf2 e3+ 29. Bxe3 Bxe3+ 30. Kxe3 bxc4 31. Rxc4 Nb5 32. a4 Nd6 33. Rc3 Nf5+ 34. Kf2 Kg7 35. Nb3 Rb8 36. g4 Ne7 37. b5 1/2-1/2

[Event "Mittelrhein Verbandsliga-N 18/19"]
[Site "Nordrheinwestfalen"]
[Date "2019.03.10"]
[Round "8.3"]
[White "Kemper, Michael"]
[Black "Gallasch, Robin"]
[Result "0-1"]
[WhiteElo "1854"]
[BlackElo "1828"]
[PlyCount "50"]
[EventDate "2018.09.02"]
[EventType "team-tourn"]
[EventRounds "12"]
[EventCountry "GER"]
[SourceTitle "EXT 2022"]
[Source "ChessBase"]
[SourceDate "2021.10.06"]
[SourceVersion "1"]
[SourceVersionDate "2021.10.06"]
[SourceQuality "1"]
[WhiteTeam "Dormagen SV"]
[BlackTeam "Porz SG III"]
[WhiteTeamCountry "GER"]
[BlackTeamCountry "GER"]

1. e4 c6 2. d4 d5 3. exd5 cxd5 4. Bd3 Nc6 5. c3 Qc7 6. Ne2 Bg4 7. 0-0 Nf6 8. Na3 a6 9. Nc2 e5 10. dxe5 Nxe5 11. Bf4 Bd6 12. f3 Be6 13. Ncd4 0-0 14. Bc2 Rfe8 15. Ng3 Nc4 16. Bxd6 Qxd6 17. Qc1 Rac8 18. Re1 Qb6 19. Qg5 h6 20. Qf4 Qxb2 21. Ndf5 Bxf5 22. Qxf5 Qxc3 23. Ne2 Qe3+ 24. Kh1 Rcd8 25. h4 Qf2 0-1

[Event "Mittelrhein Regionalliga 16/17"]
[Site "Nordrheinwestfalen"]
[Date "2016.11.27"]
[Round "4.4"]
[White "Meertens, Martin"]
[Black "Kemper, Michael"]
[Result "1/2-1/2"]
[WhiteElo "2091"]
[BlackElo "1901"]
[PlyCount "25"]
[EventDate "2016.09.11"]
[EventType "team-tourn"]
[EventRounds "11"]
[EventCountry "GER"]
[SourceTitle "EXT 2022"]
[Source "ChessBase"]
[SourceDate "2021.10.06"]
[SourceVersion "1"]
[SourceVersionDate "2021.10.06"]
[SourceQuality "1"]
[WhiteTeam "Koeln SF II"]
[BlackTeam "Dormagen SV"]
[WhiteTeamCountry "GER"]
[BlackTeamCountry "GER"]

1. e4 c5 2. Nf3 d6 3. d4 cxd4 4. Nxd4 Nf6 5. Nc3 g6 6. Be3 Bg7 7. f3 Nbd7 8. Qd2 a6 9. h4 h5 10. 0-0-0 b5 11. Nd5 Nxd5 12. exd5 Bb7 13. Ne2 1/2-1/2

[Event "Mittelrhein Verbandsliga-M 15/16"]
[Site "Nordrheinwestfalen"]
[Date "2015.12.13"]
[Round "5.4"]
[White "Schmitz, Manuela"]
[Black "Kemper, Michael"]
[Result "0-1"]
[WhiteElo "1894"]
[BlackElo "1853"]
[PlyCount "94"]
[EventDate "2015.09.06"]
[EventType "team-tourn"]
[EventRounds "11"]
[EventCountry "GER"]
[SourceTitle "EXT 2022"]
[Source "ChessBase"]
[SourceDate "2021.10.06"]
[SourceVersion "1"]
[SourceVersionDate "2021.10.06"]
[SourceQuality "1"]
[WhiteTeam "Eikamp Freibauer"]
[BlackTeam "Dormagen SV"]
[WhiteTeamCountry "GER"]
[BlackTeamCountry "GER"]

1. d4 d5 2. Nf3 Nc6 3. g3 Bf5 4. c3 Nf6 5. Bg2 Qd7 6. h3 e6 7. Bf4 h6 8. g4 Bh7 9. Nbd2 Ne4 10. Ne5 Nxe5 11. Bxe5 f6 12. Bh2 Nd6 13. Qb3 c6 14. a4 Be7 15. Rc1 0-0 16. c4 Kh8 17. c5 Nf7 18. Qe3 Rae8 19. 0-0 e5 20. f4 exd4 21. Qxd4 f5 22. Bf3 Bf6 23. Qb4 a5 24. Qxa5 Bd4+ 25. Kg2 Be3 26. Rcd1 fxg4 27. hxg4 Nd8 28. f5 g6 29. fxg6 Bxg6 30. Qb4 Ne6 31. Nb3 Qg7 32. Qc3 d4 33. Qe1 Bc2 34. Na5 Bxd1 35. Qxd1 h5 36. Nc4 Nf4+ 37. Bxf4 Rxf4 38. Nxe3 Rxe3 39. Rh1 Rxg4+ 40. Kf2 Qg5 41. Bxg4 Qxg4 42. Rg1 Qf4+ 43. Ke1 d3 44. Rg2 Rh3 45. Rg1 Qe3 46. Rf1 Qg3+ 47. Kd2 dxe2 0-1

[Event "Mittelrhein Verbandsliga-M 15/16"]
[Site "Nordrheinwestfalen"]
[Date "2015.09.06"]
[Round "1.4"]
[White "Tiemann, Ralf"]
[Black "Kemper, Michael"]
[Result "1-0"]
[WhiteElo "1748"]
[BlackElo "1853"]
[PlyCount "35"]
[EventDate "2015.09.06"]
[EventType "team-tourn"]
[EventRounds "11"]
[EventCountry "GER"]
[SourceTitle "EXT 2022"]
[Source "ChessBase"]
[SourceDate "2021.10.06"]
[SourceVersion "1"]
[SourceVersionDate "2021.10.06"]
[SourceQuality "1"]
[WhiteTeam "Schlebusch SF"]
[BlackTeam "Dormagen SV"]
[WhiteTeamCountry "GER"]
[BlackTeamCountry "GER"]

1. e4 c5 2. Nf3 d6 3. d4 cxd4 4. Nxd4 Nf6 5. Nc3 g6 6. f4 a6 7. Be2 b5 8. e5 dxe5 9. fxe5 Nd5 10. Ndxb5 Nxc3 11. Qxd8+ Kxd8 12. Nxc3 Nd7 13. Bf4 Bb7 14. 0-0 Bg7 15. Rad1 Rc8 16. Bg4 e6 17. Bg5+ Ke8 18. Rxd7 1-0

[Event "Cologne Longerich op-A 12th"]
[Site "Cologne"]
[Date "2015.08.02"]
[Round "2"]
[White "Kemper, Michael"]
[Black "Lambertz, Michael"]
[Result "0-1"]
[WhiteElo "1858"]
[BlackElo "1999"]
[PlyCount "80"]
[EventDate "2015.07.31"]
[EventType "tourn"]
[EventRounds "5"]
[EventCountry "GER"]
[SourceTitle "EXT 2017"]
[Source "ChessBase"]
[SourceDate "2016.10.25"]
[SourceVersion "1"]
[SourceVersionDate "2016.10.25"]
[SourceQuality "1"]

1. e4 e6 2. d4 d5 3. Nc3 Bb4 4. exd5 exd5 5. Bd3 Nf6 6. a3 Bd6 7. Bg5 c6 8. h3 0-0 9. Nce2 h6 10. Be3 b6 11. Nf3 c5 12. c3 Ba6 13. Bf5 Nc6 14. 0-0 Re8 15. Re1 Bc8 16. Bd3 c4 17. Bc2 Qc7 18. Qc1 Ne7 19. Ne5 Bf5 20. Ba4 Bd7 21. Nxd7 Nxd7 22. Ng3 Rad8 23. Nh5 Nf5 24. Bd2 Rxe1+ 25. Qxe1 Nf8 26. Qe2 Ng6 27. Qg4 Nfe7 28. Re1 Qc8 29. Qe2 Qf5 30. g4 Qc8 31. f4 f5 32. Bc2 Kf7 33. Qg2 Bc7 34. Kh1 Nh4 35. Qg3 g5 36. Qe3 Neg6 37. fxg5 f4 38. Bxg6+ Nxg6 39. Nxf4 Bxf4 40. Rf1 hxg5 0-1

[Event "Cologne Longerich op-A 12th"]
[Site "Cologne"]
[Date "2015.07.31"]
[Round "1"]
[White "Ringeltaube, Denny"]
[Black "Kemper, Michael"]
[Result "0-1"]
[WhiteElo "1733"]
[BlackElo "1858"]
[PlyCount "76"]
[EventDate "2015.07.31"]
[EventType "tourn"]
[EventRounds "5"]
[EventCountry "GER"]
[SourceTitle "EXT 2017"]
[Source "ChessBase"]
[SourceDate "2016.10.25"]
[SourceVersion "1"]
[SourceVersionDate "2016.10.25"]
[SourceQuality "1"]

1. e4 c5 2. Nc3 e6 3. f4 a6 4. Nf3 Nc6 5. Be2 g6 6. 0-0 Bg7 7. a3 Nge7 8. Qe1 b5 9. d3 d5 10. Kh1 Bb7 11. Qh4 Qd7 12. Ng5 Nd4 13. Bd1 h6 14. Nf3 Nxf3 15. Bxf3 0-0-0 16. exd5 exd5 17. Bg4 f5 18. Bf3 Rdf8 19. Bd2 g5 20. Qf2 Bd4 21. Qe1 g4 22. Bd1 Ng6 23. Ne2 Bxb2 24. Ra2 Bf6 25. c4 d4 26. cxb5 Qd5 27. Rf2 Qxa2 28. bxa6 Bxa6 29. Bc1 Qd5 30. Qa5 Bb7 31. Bb3 Qc6 32. Ba4 Qd5 33. Qb6 Bh4 34. Ng3 Rf6 35. Qb5 Re6 36. Bd2 Rg8 37. Qb1 Bxg3 38. Bb3 Bxf2 0-1

[Event "Cologne Longerich op-A 11th"]
[Site "Cologne"]
[Date "2014.08.03"]
[Round "4"]
[White "Gramb, Marius"]
[Black "Kemper, Michael"]
[Result "1-0"]
[WhiteElo "1990"]
[BlackElo "1839"]
[PlyCount "63"]
[EventDate "2014.08.01"]
[EventType "swiss"]
[EventRounds "5"]
[EventCountry "GER"]
[SourceTitle "EXT 2022"]
[Source "ChessBase"]
[SourceDate "2021.10.06"]
[SourceVersion "1"]
[SourceVersionDate "2021.10.06"]
[SourceQuality "1"]

1. d4 Nf6 2. c4 e5 3. dxe5 Ng4 4. Bf4 Bb4+ 5. Nd2 Nc6 6. Ngf3 Qe7 7. a3 Bc5 8. e3 a5 9. Nb3 Ba7 10. Qd5 f6 11. exf6 Nxf6 12. Qd3 d6 13. Be2 0-0 14. 0-0 Ne4 15. Nbd4 Nc5 16. Qd1 Ne5 17. Nb5 Bb8 18. Bxe5 dxe5 19. b4 axb4 20. axb4 Rxa1 21. Qxa1 Na6 22. c5 Nxb4 23. Qxe5 Qxe5 24. Nxe5 Re8 25. Bc4+ Kf8 26. f4 Na6 27. c6 bxc6 28. Nd4 Nb4 29. Rb1 c5 30. Ndc6 Bf5 31. Rb2 h5 32. e4 1-0

[Event "Cologne Longerich op-A 11th"]
[Site "Cologne"]
[Date "2014.08.03"]
[Round "5"]
[White "Kemper, Michael"]
[Black "Maczkowiak, Thomas"]
[Result "1/2-1/2"]
[WhiteElo "1839"]
[BlackElo "1948"]
[PlyCount "69"]
[EventDate "2014.08.01"]
[EventType "swiss"]
[EventRounds "5"]
[EventCountry "GER"]
[SourceTitle "EXT 2022"]
[Source "ChessBase"]
[SourceDate "2021.10.06"]
[SourceVersion "1"]
[SourceVersionDate "2021.10.06"]
[SourceQuality "1"]

1. e4 c6 2. d4 d5 3. exd5 cxd5 4. Bd3 Nc6 5. c3 Nf6 6. Bf4 Bg4 7. Qb3 Qd7 8. Nd2 e6 9. h3 Bh5 10. Ngf3 a6 11. 0-0 Be7 12. Rfe1 0-0 13. Re3 Bd6 14. Ne5 Qc7 15. Rae1 Nd7 16. Qc2 Bg6 17. Bg3 Bxd3 18. Qxd3 Ndxe5 19. dxe5 Be7 20. Bf4 Rac8 21. h4 Rfd8 22. Rg3 Na5 23. Qf3 Nc4 24. Qg4 Bf8 25. Nf3 Kh8 26. Bg5 g6 27. Bf6+ Bg7 28. Qg5 Nxb2 29. Bxg7+ Kxg7 30. Qf6+ Kf8 31. h5 Ke8 32. hxg6 hxg6 33. Nd4 Qe7 34. Qxe7+ Kxe7 35. Rb1 1/2-1/2